Heaven's answer for the home. (Record no. 14583)

000 -LEADER
fixed length control field 00595nam a2200193 a 4500
001 - CONTROL NUMBER
control field :::00012415$&:&@@
003 - CONTROL NUMBER IDENTIFIER
control field OkBaRHE
005 - DATE AND TIME OF LATEST TRANSACTION
control field 20000607103419.0
008 - FIXED-LENGTH DATA ELEMENTS--GENERAL INFORMATION
fixed length control field s1979 j 000 0 eng u
040 ## - CATALOGING SOURCE
Transcribing agency
100 1# - MAIN ENTRY--PERSONAL NAME
Personal name Lundstrom, Lowell.
245 10 - TITLE STATEMENT
Title Heaven's answer for the home.
260 ## - PUBLICATION, DISTRIBUTION, ETC. (IMPRINT)
Place of publication, distribution, etc Sisseton, SD., :
Name of publisher, distributor, etc Lowell Lundstrom Ministries, Inc.
Date of publication, distribution, etc c1979
300 ## - PHYSICAL DESCRIPTION
Extent 142 p. ;
Dimensions 21 cm.
650 ## - SUBJECT ADDED ENTRY--TOPICAL TERM
Topical term or geographic name as entry element Conduct of Life
650 ## - SUBJECT ADDED ENTRY--TOPICAL TERM
Topical term or geographic name as entry element Family
General subdivision Religious Life
942 ## - ADDED ENTRY ELEMENTS (KOHA)
Source of classification or shelving scheme
Koha item type Books
Copies
Price effective from Shelving location Damaged status Barcode Withdrawn status Not for loan Koha item type Lost status Permanent Location Full call number Copy number Date last seen Date acquired Source of classification or shelving scheme
2010-04-14General Stacks 12415  Books RHEMA Bible Training CollegeHQ 728 .L79912010-04-142010-04-14